| 000 | 00000nam##2200000za#4500 |
| 001 | 9.644268 |
| 003 | CaOODSP |
| 005 | 20250611103613 |
| 007 | cr ||||||||||| |
| 008 | 150407|2002||||xxc|||||o f|0| 0 fre|d |
| 040 | |aCaOODSP|bfre |
| 043 | |an-cn--- |
| 086 | 1 |aA22-246/2002F-PDF |
| 110 | 1 |aCanada. |bAgriculture et agroalimentaire Canada. |
| 245 | 10|aPartenariat rural canadien : |h[ressource électronique]|bprojets pilotes – réussites et leçons apprises / |cPublié par l'Initiative des projets pilotes du Partenariat rural canadien. |
| 260 | |aOttawa - Ontario : |bAgriculture et Agroalimentaire Canada |c2002. |
| 300 | |a24p.|bill. en couleur |
| 500 | |aPublication historique numérisée par Agriculture et Agroalimentaire Canada. |
| 590 | |a15-03-Supp|b2015-03-13 |
| 775 | 08|tCanadian rural partnership : |w(CaOODSP)9.700371 |
| 856 | 40|ahttp://publications.gc.ca|qPDF|s3426 Ko|uhttps://publications.gc.ca/collections/collection_2015/aac-aafc/A22-246-2002-fra.pdf |
| 986 | |aPublication 2115/B |